Szczegóły MARC21

Dictionnaire des littératures de langue française. [3], M-R /

003 -Nazwa inst., której nr kontr. jest w polu 001 [,]
    • @
    • Nazwa instytucji, której n kontrolny jest w polu 001
    • NUKAT
005 -DATA I CZAS OSTATNIEJ MODYFIKACJI [,]
    • @
    • pole kontrolne
    • 20251007161642.0
020 -Międzynarod. znormalizowany nr książki - ISBN [ , ]
    • a
    • Numer ISBN
    • 2040270337 Find
040 -Instytucja sporządzająca opis [ , ]
    • a
    • Instytucja, która sporządziła opis (NP)
    • Ł U/BKFR
    • c
    • Instytucja, która sporządziła rekord (NP)
    • Ł U/BKFR
    • d
    • Instytucja, która zmodyfikowała rekord (P)
    • Ł U/AS
    • d
    • Instytucja, która zmodyfikowała rekord (P)
    • Ł U/KFs
942 -Rodzaj dokumentu [ , ]
    • c
    • Rodzaj dokumentu
    • Książka
100 -Hasło główne - nazwa osobowa [1, ]
    • a
    • Nazwa osobowa (NP)
    • Beaumarchais, Jean-Pierre de.
    • 9
    • KHW
    • 646982
245 -Strefa tytułu i oznaczenia odpowiedzialności [1,0]
    • a
    • Tytuł
    • Dictionnaire des littératures de langue française. Find
    • n
    • Oznaczenie części (P)
    • [3],
    • p
    • Nazwa części (P)
    • M-R /
    • c
    • Pozostałe elementy strefy tytułu i oznaczenia odpowiedzialności (NP)
    • Jean-Pierre de Beaumarchais, Daniel Couty, Alain Rey.
260 -Strefa adresu wydawniczego [ , ]
    • a
    • Miejsce wydania (P)
    • Paris :
    • b
    • Nazwa wydawcy (P)
    • Bordas,
    • c
    • Data wydania (P)
    • cop. 1994.
300 -Strefa opisu fizycznego [ , ]
    • a
    • Określenie formy książki i/lub objętość (NP)
    • S. 1443-2209, [56] s. tabl. :
    • b
    • Oznaczenie ilustracji (NP)
    • il. ;
    • c
    • Format (NP)
    • 31 cm.
336 -Typ zawartości [ , ]
    • a
    • Termin opisujący typ zawartości
    • Tekst
    • b
    • Kod określający zawartość
    • txt
    • 2
    • Źródło (terminu i kodu)
    • rdacontent
337 -Typ mediów [ , ]
    • a
    • Tryb odtwarzania
    • Bez urządzenia pośredniczącego
    • b
    • Kod typu mediów
    • n
    • 2
    • Źródło (terminu i kodu)
    • rdamedia
338 -Typ/rodzaj nośnika [ , ]
    • a
    • Hasło opisujące typ nośnika
    • Wolumin
    • b
    • Kod typu nośnika
    • nc
    • 2
    • Źródło (terminu i kodu)
    • rdacarrier
500 -Uwaga ogólna [ , ]
    • a
    • Uwaga ogólna (NP)
    • Na s. tyt.: Ouvrage publié avec le concours du Cenre National des Lettres.
504 -Uwaga dot. bibliogr. załącznikowej [ , ]
    • a
    • Uwaga dot. bibliografii załącznikowej
    • Bibliogr. przy hasłach.
080 -Uniwersalna Klasyfikacja Dziesiętna [ , ]
    • a
    • Symbol klasyfikacji
    • 840(091)(038)=40
080 -Uniwersalna Klasyfikacja Dziesiętna [ , ]
    • a
    • Symbol klasyfikacji
    • +82.0(038)=40
650 -Hasło przedmiotowe [ ,7]
    • a
    • Hasło przedmiotowe
    • Literatura francuskojęzyczna
    • v
    • Określnik formalny
    • słowniki francuskie.
    • 2
    • Źródło terminu
    • kaba
    • 9
    • KHW
    • 499781
980 -Symbol UKD [ , ]
    • a
    • UKD
    • 840(091)(038)=40+82.0(038)=40
700 -Hasło dodatkowe - nazwa osobowa [1, ]
    • a
    • Nazwa osobowa (NP)
    • Couty, Daniel. Find
    • 9
    • KHW
    • 646983
700 -Hasło dodatkowe - nazwa osobowa [1, ]
    • a
    • Nazwa osobowa (NP)
    • Rey, Alain Find
    • d
    • Daty biograficzne (NP)
    • (1928-2020).
    • 9
    • KHW
    • 531738
710 -Hasło dodatkowe - nazwa ciała zbiorowego [2, ]
    • a
    • Nazwa ciała zbiorowego lub nazwa geograficzna jako pierwszy element (NP)
    • Éditions Bordas.
    • 4
    • Kod relacji
    • pbl
    • 9
    • KHW
    • 91254
920 -ISBN [ , ]
    • a
    • ISBN
    • 2-04-027033-7 Find
Numer inwentarzowy Lokalizacja Status udost. Sygnatura Data inwentaryzacji
A.6058BM1FR. Literatura francuska 022001-05-15